000
00329nam a2200145Ia 4500
100
_a
McCabe/W.L & Smith /J.C
650
_a
Chemistry
942
_c
BK
654
_a
Chemical Engg
245
_a
Unit Operations of Chemical Engg.
260
_b
McGraw Hill
_a
Tokyo
_c
1976
082
_a
660.2
300
_a
1028
546
_a
ENGLISH
999
_c
28747
_d
28747